Statistics for 90 secs Country Tripoints: by Tripoint within 1,000 km

Click here to take the quiz!

General Stats

  • This quiz has been taken 86 times
  • The average score is 71 of 169

Answer Stats

TRIPOINT% Correct
AUSTRI GER SWI
95%
AUSTRI ITA SWI
95%
AUSTRI LIE SWI (N)
95%
AUSTRI LIE SWI (S)
95%
BELG FRA LUX
95%
BELG GER LUX
95%
BELG GER NET
95%
FRA GER LUX
95%
FRA GER SWI
95%
FRA ITA SWI
95%
AUSTRI CZE GER
92%
AUSTRI CZE SLOVA
92%
AUSTRI HUN SLOVA
92%
AUSTRI HUN SLOVE
92%
AUSTRI ITA SLOVE
92%
CRO HUN SLOVE
92%
CZE GER POL
92%
CZE POL SLOVA
92%
AND FRA SPA (E)
87%
AND FRA SPA (W)
87%
BOS CRO SER
84%
CRO HUN SER
84%
POL SLOVA UKR
82%
BOS CRO MONT
76%
BOS MONT SER
76%
BELA POL UKR
71%
HUN ROM SER
71%
HUN ROM UKR
71%
HUN SLOVA UKR
71%
CHIN KAZ KYR
68%
BELA LIT POL
63%
LIT POL RUS
63%
MOL ROM UKR (N)
63%
KOS MONT SER
61%
BAN BURM INDI
58%
BELA LAT LIT
58%
BURM CHIN INDI
58%
CHIN KAZ RUS
58%
CHIN MONG RUS (E)
58%
CHIN MONG RUS (W)
58%
ALB KOS MONT
55%
ARG BRA PAR
55%
AFG CHIN PAK
53%
AFG CHIN TAJ
53%
ARG BOL PAR
53%
BELA LAT RUS
53%
BELA RUS UKR
53%
BHU CHIN INDI (E)
53%
BHU CHIN INDI (W)
53%
CHIN INDI NEP (E)
53%
CHIN INDI NEP (W)
53%
CHIN INDI PAK
53%
ARG BRA URU
50%
BUL ROM SER
50%
MOL ROM UKR (S)
50%
BOL BRA PAR
47%
EST LAT RUS
47%
ALB KOS MAC
45%
BRA COL PER
45%
BRA COL VEN
45%
BUL MAC SER
45%
COL ECU PER
45%
IRAN IRAQ TURKE
45%
IRAQ SYR TURKE
45%
KOS MAC SER
45%
ALB GREE MAC
42%
BOT S.AFR ZIM
42%
BUL GREE MAC
42%
CAMB LAO THA
42%
ARM AZE IRAN (E)
39%
ARM AZE IRAN (W)
39%
ARM AZE TURKE
39%
AZE IRAN TURKE
39%
FIN NORW RUS
39%
FIN NORW SWE
39%
AFG TURKM UZB
37%
ARG BOL CHIL
37%
AFG TAJ UZB
34%
ARM AZE GEO
34%
ARM GEO TURKE
34%
AZE GEO RUS
34%
AZE IRAN TURKM
34%
AZE KAZ RUS
34%
AZE KAZ TURKM
34%
BELI GUA MEX
34%
BOL CHIL PER
34%
BRA GUY VEN
34%
BUL GREE TURKE
34%
CAMB LAO VIE
34%
CHIN KYR TAJ
34%
ELS GUA HON
34%
IRAQ JOR SYR
34%
KAZ KYR UZB
34%
KYR TAJ UZB
34%
MOZ S.AFR ZIM
34%
ANG NAM ZAM
32%
BOT NAM ZAM
32%
BOT ZAM ZIM
32%
BURM CHIN LAO
32%
BURM LAO THA
32%
CHIN LAO VIE
32%
IRAQ JOR SAU
32%
MOZ S.AFR SWA (N)
32%
MOZ S.AFR SWA (S)
32%
BURU DRC TAN
29%
DRC TAN ZAM
29%
MALAW TAN ZAM
29%
BURK COT MALI
26%
CAR DRC S.SUD
26%
COT GUINEA LIBE
26%
COT GUINEA MALI
26%
GUINEA LIBE SIE
26%
ISR JOR SYR
26%
ISR LEB SYR
26%
ALG LIBY NIGER
24%
BOL BRA PER
24%
BOT NAM S.AFR
24%
BURU DRC RWA
24%
BURU RWA TAN
24%
CAME CAR CHA
24%
CHIN NORT RUS
24%
DRC RWA UGA
24%
GUINEA GUINEA-B SEN
24%
GUINEA MALI SEN
24%
IRAQ KUW SAU
24%
KAZ TURKM UZB
24%
KEN TAN UGA
24%
MALAW MOZ ZAM
24%
MALI MAURITA SEN
24%
MOZ ZAM ZIM
24%
RWA TAN UGA
24%
ALG LIBY TUN
21%
CHA LIBY NIGER
21%
DJI ERI ETH
21%
DJI ETH SOM
21%
DRC S.SUD UGA
21%
ERI ETH SUD
21%
ETH S.SUD SUD
21%
KEN S.SUD UGA
21%
ANG DRC ZAM
18%
BEN BURK NIGER
18%
BEN BURK TOG
18%
BURK MALI NIGER
18%
CAME CAR ROC
18%
CAME EQU GAB
18%
CAME GAB ROC
18%
CAR DRC ROC
18%
CHA LIBY SUD
18%
ETH KEN S.SUD
18%
OMA SAU UAE
18%
BEN NIGER NIGERIA
16%
BURK COT GHA
16%
BURK GHA TOG
16%
CAR CHA SUD
16%
EGY LIBY SUD
16%
ETH KEN SOM
16%
OMA SAU YEM
16%
BRA FRA SUR
13%
BRA GUY SUR
13%
CAR S.SUD SUD
13%
AFG IRAN TURKM
11%
ANG DRC ROC
11%
CAME CHA NIGERIA
11%
ALG MALI NIGER
8%
CHA NIGER NIGERIA
8%
MALAW MOZ TAN
8%
AFG IRAN PAK
5%
ALG MALI MAURITA
3%
ALG MAURITA MOR
3%

Score Distribution

Percentile by Number Answered

Percent of People with Each Score

Your Score History

You have not taken this quiz